000 00671nam a2200217 4500
003 OSt
005 20240719033108.0
006 a
008 240719b |||||||| |||| 00| 0 eng d
020 _a0766800199
040 _aDWCL-Main lib.
_cOC
082 _aCirc. 372.87044 M623w 2002
100 _aMary Miche
245 _aWeaving music into young minds /
260 _aN.Y. :
_bDlmar/Thomson Learning,
_cc2002.
300 _axv,
_b31 p. : il. ;
_c28cm.
504 _aIncludes bibliographical references & index.
650 _a1. Music-Instruction and study-Juvenile.
650 _a2. School music-Instruction and study-Juvenile.
942 _2ddc
_n0
_cBK-CIRC
_kCirc.
999 _c2422
_d2422